00836nam a2200241Ia 450000100060000000300090000600800410001504000130005604000130006904100130008210000160009510000290011124500310014024500310017125000110020226000110021326000160022426000490024030000420028950002110033165000210054265000310056322476IT-RoPAU130308s9999 xx 000 0 und d aIT-RoPAU cIT-RoPAU aITALIANO aIvaldi Nedo gCodice Aut. SPICS: 5285 aPrima volta a Venezia (La) bPrima Volta a Venezia (La) a1a ed. aPADOVA bStudio Tesi c1982 [1° Ed.:1982 - Ed.Ling.Originale:1982] a"246 p. (prefazione: 24; testo: 222)" aMezzo Secolo di mostra del Cinema Nei Ricordi della Critica Critica Cinematografica Venezia mostra del Cinema Testimonianze di Critici che si Sforzano di Ricordare la Loro iniziazione Alla mostra di Venezia aSAGGI SUL CINEMA eCodice materia Spics: 6811